=LDR 00000nam 2200000 4500 =001 INLIS000000000026348 =005 20130612124808 =008 ***********************************Ind** =035 ##$$a0010-061300000026348 =041 ##$$a Ind =082 ##$$a 657.035 =090 ##$$a 657.035, Ari a =100 ##$$a Arif, Bahtiar =245 ##$$a Akuntansi pemerintahan, Bahtiar Arif, Muchlis, Iskandar =260 ##$$a 2002 $b Jakarta =300 ##$$a x, 121 hlm, ilus, 28 cm =650 ##$$a Akuntansi =700 ##$$a Muchlis =850 ##$$a NBPNMAT =990 ##$$a 21400365/BPAP-NTB/2014